000 00745nam a2200229 i 4500
001 bg
100 1 _aMüller, Jutta.
245 0 0 _aLesejournal :
_bDeutsch als Fremdsprache /
_cvon Jutta Müller.
260 _aIsmaning :
_bMax Hueber Verlag ;
_c1999.
300 _a66 s. :
_bil. ;
_c28 cm.
520 _aZawiera teksty artykułów z czasopism do podręcznika "Themen neu 1".
650 9 _aJęzyk niemiecki
_xsłownictwo
655 _aMateriały pomocnicze dla szkół
020 _a9783195215213
040 _cBPK
041 _apol
044 _ager
080 _a811.112.2'37(07)
942 _cKS
008 s pl f |000 0 pol
999 _c54329
_d54329